Normalizácia verzus zlepšovanie: prístupy k zmene výkonu pracovného procesu

Porovnanie a posúdenie rozdielov v normalizácii procesu, trvalom zlepšovaní procesu a prelomovom zlepšovaní. Normalizačné metodológie. Plynulé zlepšovanie procesu. Prelomové zlepšovanie.

Saved in:
Bibliographic Details
Main Author: de Noray, Bertrand Jouslin
Other Authors: Hacker, Stephen, Pijáková, Eva
Format: Book Chapter
Language:Slovak
Subjects:
Tags: Add Tag
No Tags, Be the first to tag this record!

MARC

LEADER 00000naa a2200000 4500
001 r048741
005 20231215103011.5
041 0 |a slo 
044 |a SK 
245 1 0 |a Normalizácia verzus zlepšovanie: prístupy k zmene výkonu pracovného procesu  |c Bertrand Jouslin de Noray ; Preložila: Eva Pijáková 
520 |a Porovnanie a posúdenie rozdielov v normalizácii procesu, trvalom zlepšovaní procesu a prelomovom zlepšovaní. Normalizačné metodológie. Plynulé zlepšovanie procesu. Prelomové zlepšovanie. 
610 2 0 |a normalizácia 
610 2 0 |a proces pracovný 
610 2 0 |a zlepšovateľstvo 
610 2 0 |a metodológia 
610 2 0 |a výkony podnikové 
610 2 0 |a výkonnosť 
100 1 |a de Noray, Bertrand Jouslin 
700 1 |a Hacker, Stephen 
700 1 |a Pijáková, Eva